000 01165npm a2200229 4500
001 5091
003 ES-MaACL
005 20250730063042.0
007 hzrazu bucu
008 890814r19891722fr a 00010 fre d
080 _a9(3)(0:779)
080 _a779:9(3)
100 1 _aMontfaucon, Bernard de,
_d1655-1741
_982623
245 1 2 _aL'Antiquite expliquee et representee en figures...
_b: [Microforma] /
_cpar Bernard de Montfaucon.
260 _aMadrid :
_bAteneo Cientifico, Literario y Artistico,
_c1989.
300 _a5 carretes de microfilme :
_bnegativo ;
_c35 mm.
500 _aPublicado originalmente: Paris, Florentin Delaune, 1722-24, 2 ed. en 15 v.
505 8 _aCarrete n. 1: t. 1 y 2 (hasta p. 144 de la 1a parte) -- Carrete n. 2: t. 2 (desde p. 145) y 3 -- Carrete n. 3: t. 4 y t. 5 (1a parte) -- Carrete n. 1: t. 1 y 2 (hasta p. 144 de la 1a parte) -- Carrete n. 2: t. 2 (desde p. 145) y t. 3 -- Carrete n. 3: t. 4 y 5 (1a parte) -- Carrete n. 4: t. 5 (2a parte) y t. 1 y 2 de suplementos -- Carrete n. 5: t. 3 a 5 de supl.
650 1 4 _aObras anteriores a 1800.
_915661
852 _aES-MaACLM
_jM-102-106
999 _c5091
_d5091